[Event "XV Weekend"]
[Site "Cavarzere ITA"]
[Date "2012.10.21"]
[Round "3"]
[White "Zanirato, Stefano"]
[Black "Belloni, Umberto"]
[WhiteElo "1914"]
[BlackElo "1802"]
[Result "1-0"]
[PlyCount "123"]
[EventDate "2012.10.20"]

1. e4 e6 2. d4 d5 3. Bd3 Nf6 4. Bg5 h6 5. Bxf6 Qxf6 6. Nf3 Nd7 7. O-O dxe4 8.
Bxe4 Qf4 9. Re1 Nf6 10. Nbd2 Bd6 11. h3 h5 12. g3 Qh6 13. Ne5 Nxe4 14. Nxe4
Bxe5 15. dxe5 b6 16. Qf3 Rb8 17. Qc3 O-O 18. Qxc7 Rb7 19. Qc4 f5 20. Nd6 Rb8
21. Rad1 f4 22. Rd3 fxg3 23. fxg3 Bb7 24. Nxb7 Rxb7 25. Rd6 Re7 26. Qe4 Ref7
27. Qc4 Qg5 28. Re3 Qf5 29. Rd2 Qxh3 30. Rg2 Qf5 31. g4 hxg4 32. Qxg4 Qxg4 33.
Rxg4 Rf5 34. Re2 Rf1+ 35. Kg2 R1f5 36. c3 g5 37. Rd4 R8f7 38. Rd6 Re7 39. b4
Kf7 40. a4 Rc7 41. a5 bxa5 42. bxa5 Ke7 43. Ra6 Rf4 44. Re3 Rfc4 45. Kg3 R4c6
46. Rxc6 Rxc6 47. Kg4 Rc5 48. Kxg5 Rxa5 49. Kf4 Rd5 50. Rh3 Rd7 51. Ke4 a5 52.
Rh7+ Kd8 53. Rh8+ Kc7 54. Re8 a4 55. Rxe6 Kb7 56. Rf6 a3 57. Rf2 Kc6 58. Ra2
Ra7 59. Kf5 Kd7 60. Kf6 Ra6+ 61. Kf7 Re6 62. Rd2+ 1-0

[Event "XV Weekend"]
[Site "Cavarzere ITA"]
[Date "2012.10.27"]
[Round "4"]
[White "Bagolin, Renzo"]
[Black "Loris, Stefano"]
[WhiteElo "1869"]
[BlackElo "1668"]
[Result "1-0"]
[PlyCount "83"]
[EventDate "2012.10.20"]

1. c4 Nf6 2. g3 g6 3. Bg2 Bg7 4. d4 c5 5. d5 d6 6. Nf3 b5 7. O-O O-O 8. cxb5
Bb7 9. Nc3 a6 10. bxa6 Bxa6 11. Re1 Nbd7 12. e4 Nb6 13. e5 Ng4 14. exd6 exd6
15. Bf4 Nc4 16. Qc2 Nf6 17. Nd2 Nxd2 18. Qxd2 Ne8 19. Bg5 f6 20. Bh6 Ra7 21.
Bxg7 Nxg7 22. Ne2 Qa8 23. Nf4 Bc8 24. Ne6 Re8 25. Nxg7 Rxe1+ 26. Qxe1 Kxg7 27.
a3 Qb7 28. Qd2 Ra4 29. Re1 Qf7 30. Re4 Rxe4 31. Bxe4 Qe7 32. Bg2 Ba6 33. h4 h6
34. a4 g5 35. hxg5 hxg5 36. a5 Qc7 37. Bf1 c4 38. Qb4 Qc5 39. Qb6 Bb5 40. Qxc5
dxc5 41. Bh3 Kf8 42. Bc8 1-0

[Event "XV Weekend"]
[Site "Cavarzere ITA"]
[Date "2012.10.27"]
[Round "4"]
[White "Basso, Pier Luigi"]
[Black "Negro, Roberto"]
[WhiteElo "2105"]
[BlackElo "2106"]
[Result "1/2-1/2"]
[PlyCount "31"]
[EventDate "2012.10.20"]

1. d4 Nf6 2. c4 e6 3. Nf3 c5 4. d5 exd5 5. cxd5 d6 6. Nc3 g6 7. Bf4 a6 8. Ne4
Nxe4 9. Qa4+ b5 10. Qxe4+ Qe7 11. Nd2 Qxe4 12. Nxe4 Kd7 13. Nf6+ Kd8 14. Ne4
Kd7 15. Nf6+ Kd8 16. Ne4 1/2-1/2

[Event "XV Weekend"]
[Site "Cavarzere ITA"]
[Date "2012.10.27"]
[Round "4"]
[White "Bau', Lorenzo"]
[Black "Lodici, Lorenzo"]
[WhiteElo "1467"]
[BlackElo "1870"]
[Result "0-1"]
[PlyCount "72"]
[EventDate "2012.10.20"]

1. d4 d5 2. Nf3 Nf6 3. Bg5 c5 4. Bxf6 gxf6 5. e3 e6 6. c3 Nd7 7. Nbd2 f5 8. g3
Bg7 9. Be2 O-O 10. O-O b6 11. Nh4 Bb7 12. Ng2 Qe7 13. f4 Nf6 14. Nf3 Ne4 15.
Bd3 a6 16. Rc1 b5 17. Bxe4 dxe4 18. Ng5 Rfd8 19. Rf2 e5 20. Nh4 exd4 21. Qh5 h6
22. Nxf5 Qf6 23. Nh3 Rd5 24. g4 d3 25. Rd2 Kf8 26. c4 bxc4 27. Rxc4 Qe6 28. Nf2
Rxf5 29. gxf5 Qxc4 30. Kg2 Qc1 31. Rd1 Qxe3 32. f6 Bxf6 33. Qxh6+ Bg7 34. Qd6+
Kg8 35. Kg1 Qf3 36. Rf1 e3 0-1

[Event "XV Weekend"]
[Site "Cavarzere ITA"]
[Date "2012.10.27"]
[Round "4"]
[White "Belloni, Umberto"]
[Black "Cartegni, Aldo"]
[WhiteElo "1802"]
[BlackElo "1448"]
[Result "1-0"]
[PlyCount "111"]
[EventDate "2012.10.20"]

1. d4 d5 2. c3 Nf6 3. Bg5 Ne4 4. Bh4 g5 5. Bg3 h5 6. h3 Nxg3 7. fxg3 Bf5 8. e3
Qd6 9. Qf3 Be4 10. Qf2 Bg7 11. Nd2 Bg6 12. Ngf3 f6 13. Nb3 Nd7 14. O-O-O a5 15.
Bd3 Bf7 16. g4 a4 17. Nbd2 a3 18. b3 h4 19. c4 Qc6 20. e4 dxc4 21. d5 Qc5 22.
Qxc5 Nxc5 23. Bxc4 e6 24. Nd4 exd5 25. exd5 O-O-O 26. Nf5 Bf8 27. Nb1 b5 28.
Bxb5 Nxb3+ 29. Kc2 Rxd5 30. Rxd5 Na1+ 31. Kc3 Bxd5 32. Nd2 Bxg2 33. Rh2 Bd5 34.
Bc4 Bb7 35. Be6+ Kb8 36. Re2 Bd6 37. Nxd6 cxd6 38. Ne4 Rd8 39. Nxf6 d5 40. Rd2
Rd6 41. Nd7+ Kc7 42. Nc5 d4+ 43. Rxd4 Rxd4 44. Kxd4 Bg2 45. Ne4 Nc2+ 46. Kd3
Nb4+ 47. Ke3 Bxe4 48. Kxe4 Kd6 49. Kf5 Nd3 50. Bc4 Ne5 51. Be2 Nf7 52. Kf6 Ne5
53. Kxg5 Kc5 54. Kf4 Kd4 55. g5 Kc3 56. Kxe5 1-0

[Event "XV Weekend"]
[Site "Cavarzere ITA"]
[Date "2012.10.27"]
[Round "4"]
[White "Bettera, Roberto"]
[Black "Xia, Jie"]
[WhiteElo "1990"]
[BlackElo "2243"]
[Result "0-1"]
[PlyCount "102"]
[EventDate "2012.10.20"]

1. d4 Nf6 2. Nf3 g6 3. c4 Bg7 4. Nc3 O-O 5. e4 d6 6. Be2 Nbd7 7. Be3 e5 8. d5
Nc5 9. Nd2 a5 10. b3 Ne8 11. a3 f5 12. f3 Nf6 13. O-O Nh5 14. Rb1 Bd7 15. b4
axb4 16. axb4 Na4 17. Qc2 Nf4 18. Rfe1 Qg5 19. Bf1 Nh3+ 20. Kh1 f4 21. Bg1 Nxg1
22. Kxg1 Qe7 23. Nb3 b6 24. Nb5 Rfc8 25. Red1 Bf8 26. Ra1 c6 27. Nc3 Nxc3 28.
Qxc3 cxd5 29. Rxd5 Be6 30. Rdd1 Qc7 31. Rdc1 Be7 32. Qb2 Kf7 33. Nd2 g5 34. Ra3
h5 35. Rca1 Rxa3 36. Qxa3 b5 37. cxb5 Qb6+ 38. Kh1 Qf2 39. Qd3 g4 40. Be2 Qh4
41. fxg4 hxg4 42. g3 Qh5 43. b6 Rb8 44. Nf1 f3 45. Bd1 Qh3 46. Bxf3 gxf3 47.
Qxf3+ Kg6 48. Qd3 Rf8 49. Kg1 Rg8 50. Qe3 Bd8 51. Ra6 Bc4 $138 0-1

[Event "XV Weekend"]
[Site "Cavarzere ITA"]
[Date "2012.10.27"]
[Round "4"]
[White "Boscolo, Marco"]
[Black "Del Monaco, Andrea"]
[WhiteElo "2150"]
[BlackElo "2275"]
[Result "1/2-1/2"]
[PlyCount "65"]
[EventDate "2012.10.20"]

1. d4 d5 2. Nf3 Nf6 3. c4 c6 4. cxd5 cxd5 5. Nc3 e6 6. Bg5 Be7 7. e3 O-O 8. Bd3
Nbd7 9. O-O a6 10. Rc1 b5 11. Qe2 Bb7 12. Ne5 Nxe5 13. dxe5 Nd7 14. Bxe7 Qxe7
15. f4 f6 16. exf6 Nxf6 17. e4 b4 18. e5 bxc3 19. exf6 Rxf6 20. Rxc3 d4 21. Rc4
Raf8 22. Qe5 Bd5 23. Rc2 Qb4 24. a3 Qb3 25. Rd2 Qb6 26. h3 a5 27. Be4 Bxe4 28.
Qxe4 Rd8 29. Rf3 Qd6 30. g3 Rf5 31. Rfd3 Rd5 32. Re2 Rb8 33. Kf2 1/2-1/2

[Event "XV Weekend"]
[Site "Cavarzere ITA"]
[Date "2012.10.27"]
[Round "4"]
[White "Bozzao, Francesco"]
[Black "Ballarin, Gabriele"]
[WhiteElo "1849"]
[BlackElo "1877"]
[Result "1-0"]
[PlyCount "101"]
[EventDate "2012.10.20"]

1. d4 d6 2. Nf3 g6 3. g3 Bg7 4. Bg2 c6 5. O-O Nf6 6. c4 O-O 7. Nc3 Na6 8. h3
Re8 9. e4 c5 10. d5 Nc7 11. Re1 Rb8 12. a4 b6 13. e5 Nd7 14. Bf4 dxe5 15. Nxe5
Nxe5 16. Bxe5 Bxe5 17. Rxe5 a6 18. Qe2 e6 19. Re1 Re7 20. d6 Qxd6 21. Rd1 Nd5
22. cxd5 f6 23. Rxe6 Bxe6 24. dxe6 Qe5 25. Qxa6 Kg7 26. Rd7 Qxe6 27. Rxe7+ Qxe7
28. Nd5 Qe1+ 29. Kh2 Qa5 30. Qc4 b5 31. Qxc5 Qd8 32. axb5 Qd7 33. b6 Rc8 34.
Qa5 Qd6 35. Qa7+ Kh6 36. b7 Re8 37. Nxf6 Rf8 38. Ng4+ Kg5 39. Qe3+ Kf5 40. Be4+
Ke6 41. Bxg6+ Kd7 42. Bxh7 Kc7 43. Qa7 Rb8 44. Be4 Qb4 45. Qe3 Rxb7 46. Bxb7
Kxb7 47. Qc3 Qe4 48. b4 Qf3 49. b5 Kb8 50. b6 Ka8 51. Qc8# 1-0

[Event "XV Weekend"]
[Site "Cavarzere ITA"]
[Date "2012.10.27"]
[Round "4"]
[White "Cacco, Christian"]
[Black "Ravagnani, Tiziano"]
[WhiteElo "2302"]
[BlackElo "1994"]
[Result "1-0"]
[PlyCount "45"]
[EventDate "2012.10.20"]

1. d4 d5 2. Nf3 Nf6 3. c4 e6 4. Bg5 Be7 5. Nc3 O-O 6. e3 h6 7. Bh4 b6 8. cxd5
Nxd5 9. Bxe7 Qxe7 10. Nxd5 exd5 11. Bd3 Be6 12. O-O c5 13. dxc5 bxc5 14. Qa4
Nd7 15. Rac1 Rfb8 16. b3 Rb4 17. Qa5 Bg4 18. Nd2 Qg5 19. Kh1 Ne5 20. f4 Nc6 21.
Qxc5 Qe7 22. Qxc6 Rc8 23. Qxc8+ 1-0

[Event "XV Weekend"]
[Site "Cavarzere ITA"]
[Date "2012.10.27"]
[Round "4"]
[White "De Marchi, Alessandro"]
[Black "Marchetti, Daniele"]
[WhiteElo "1723"]
[BlackElo "1712"]
[Result "1-0"]
[PlyCount "76"]
[EventDate "2012.10.20"]

1. e4 c5 2. Nf3 d6 3. Bb5+ Bd7 4. Bxd7+ Nxd7 5. O-O e6 6. d4 cxd4 7. Nxd4 Ngf6
8. Nc3 a6 9. Bg5 Be7 10. Qd2 h6 11. Bh4 O-O 12. Bg3 Nc5 13. Rfe1 Rc8 14. Rad1
Qb6 15. Nb3 Nxb3 16. cxb3 Rfd8 17. Qe2 Ne8 18. Kh1 Bf6 19. Rd3 Qa5 20. Qd2 Rc6
21. a3 Bxc3 22. Rxc3 Rxc3 23. Qxc3 Qb6 24. Rd1 d5 25. exd5 exd5 26. b4 Qb5 27.
h3 Qd7 28. Qf3 Qe6 29. Bh4 Rd7 30. Kh2 g5 31. Bg3 f5 32. Bb8 Kh7 33. Qd3 b5 34.
g4 Ng7 35. Bg3 Kg8 36. f3 f4 37. Bf2 Ne8 38. Re1 Qf7 {...} 1-0

[Event "XV Weekend"]
[Site "Cavarzere ITA"]
[Date "2012.10.27"]
[Round "4"]
[White "Della Sala, Bruno"]
[Black "Gallo, Enrico"]
[WhiteElo "1901"]
[BlackElo "2099"]
[Result "1-0"]
[PlyCount "71"]
[EventDate "2012.10.20"]

1. d4 d5 2. Nf3 Nf6 3. e3 e6 4. c4 dxc4 5. Bxc4 a6 6. O-O b5 7. Bd3 Bb7 8. a4
b4 9. Qc2 Nbd7 10. e4 c5 11. Be3 cxd4 12. Bxd4 Rc8 13. Qe2 Bc5 14. Rd1 Qb6 15.
a5 Qa7 16. Qe3 O-O 17. e5 Bxf3 18. Bxc5 Qxc5 19. gxf3 Nxe5 20. Bxa6 Qc2 21. Nd2
Rc5 22. Nb3 Rd5 23. Rxd5 Nxd5 24. Qxe5 Qxb3 25. Kg2 Qc2 26. Bb7 Nc7 27. a6 f6
28. Qe4 Qxb2 29. Rb1 Qa2 30. Rxb4 f5 31. Qc4 Qd2 32. Qxc7 Qxb4 33. a7 Qa4 34.
Bc8 Rf6 35. Qd8+ Kf7 36. Qd7+ 1-0

[Event "XV Weekend"]
[Site "Cavarzere ITA"]
[Date "2012.10.27"]
[Round "4"]
[White "Desideri, Alessandro"]
[Black "Giuriato, Sergio"]
[WhiteElo "1800"]
[BlackElo "1981"]
[Result "1/2-1/2"]
[PlyCount "37"]
[EventDate "2012.10.20"]

1. e4 Nc6 2. Nf3 e5 3. Bc4 Nf6 4. d3 Bc5 5. c3 d6 6. Bb3 a6 7. h3 h6 8. Nbd2
O-O 9. Nf1 d5 10. Qe2 Be6 11. Bc2 d4 12. g4 Nh7 13. Ng3 Ng5 14. Nf5 Bxf5 15.
gxf5 Be7 16. Nxg5 Bxg5 17. Rg1 Bxc1 18. Rxc1 Kh7 19. Kd2 1/2-1/2

[Event "XV Weekend"]
[Site "Cavarzere ITA"]
[Date "2012.10.27"]
[Round "4"]
[White "Desideri, Leonardo"]
[Black "Rossi, Gianni"]
[WhiteElo "1523"]
[BlackElo "1862"]
[Result "0-1"]
[PlyCount "84"]
[EventDate "2012.10.20"]

1. e4 Nf6 2. e5 Nd5 3. c4 Nb6 4. d4 d6 5. f4 dxe5 6. fxe5 c5 7. d5 g6 8. Nc3
Bg7 9. Qe2 O-O 10. Bf4 e6 11. O-O-O exd5 12. cxd5 c4 13. h3 Bf5 14. Qf3 Na6 15.
g4 Bd3 16. Bxd3 cxd3 17. Qxd3 Rc8 18. Kb1 Nc4 19. Nf3 Qb6 20. Na4 Qb4 21. Qb3
Na3+ 22. Qxa3 Qxf4 23. Rc1 Qe4+ 24. Ka1 Qxd5 25. Qb3 Qxb3 26. axb3 Rfe8 27.
Rxc8 Rxc8 28. Kb1 Nb4 29. Nc3 Nd3 30. Nd5 Kf8 31. Nf6 h6 32. h4 Nxe5 33. Nxe5
Bxf6 34. Nc4 Re8 35. h5 Kg7 36. Rg1 Re2 37. b4 b5 38. Nd6 Rxb2+ 39. Kc1 Bd4 40.
Rf1 f6 41. hxg6 Rxb4 42. Rf5 Be5 0-1

[Event "XV Weekend"]
[Site "Cavarzere ITA"]
[Date "2012.10.27"]
[Round "4"]
[White "Desideri, Pietro"]
[Black "Calicchia, Giovanni"]
[WhiteElo "1688"]
[BlackElo "1885"]
[Result "0-1"]
[PlyCount "53"]
[EventDate "2012.10.20"]

1. e4 c5 2. Nf3 Nc6 3. d3 d6 4. Nbd2 Nf6 5. g3 g6 6. Bg2 Bg7 7. O-O O-O 8. Re1
Qc7 9. Nf1 Bd7 10. c3 Ne5 11. Bf4 Nh5 12. Bg5 Bg4 13. Rc1 h6 14. Bh4 c4 15. Ne3
Bxf3 16. Bxf3 cxd3 17. Nd5 Qc5 18. Nxe7+ Kh7 19. g4 Bf6 20. gxh5 Bxh4 21. Nf5
gxf5 22. exf5 Rg8+ 23. Bg4 Bxf2+ 24. Kf1 Bxe1 25. Rc2 Rae8 26. Rg2 Bh4 27. Qf3
0-1

[Event "XV Weekend"]
[Site "Cavarzere ITA"]
[Date "2012.10.27"]
[Round "4"]
[White "Ferrari, Carlino"]
[Black "Beltrame, Leonardo"]
[WhiteElo "1720"]
[BlackElo "1575"]
[Result "0-1"]
[PlyCount "106"]
[EventDate "2012.10.20"]

1. Nf3 Nf6 2. c4 g6 3. Nc3 Bg7 4. d4 d6 5. e4 O-O 6. Be2 Nbd7 7. O-O e5 8. dxe5
Nxe5 9. Nxe5 dxe5 10. Be3 Be6 11. Qc2 Qe7 12. b3 c6 13. Rfd1 b6 14. Rd2 Rad8
15. Rad1 Ng4 16. Bxg4 Bxg4 17. f3 Be6 18. Ne2 f5 19. c5 b5 20. Rd6 Rxd6 21.
cxd6 Qb7 22. Qc5 a6 23. Bg5 Bd7 24. Be7 Rb8 25. Nc1 Kf7 26. Nd3 Qb6 27. Qxb6
Rxb6 28. Bd8 Rb8 29. Bc7 Ra8 30. Nc5 Ke8 31. a4 Bh6 32. Rd3 Ra7 33. h3 Bf8 34.
Kf2 Rxc7 35. dxc7 Bxc5+ 36. Ke2 Bb6 37. exf5 gxf5 38. Rd6 Bxc7 39. Rh6 bxa4 40.
bxa4 a5 41. Rxh7 c5 42. Kd3 Bd6 43. Kc4 Bxa4 44. Kd5 Bf8 45. Kc4 e4 46. fxe4
fxe4 47. Ra7 e3 48. Kd3 c4+ 49. Ke2 Bb4 50. Ra6 c3 51. Ra8+ Kd7 52. Kxe3 c2 53.
Ra7+ Kc6 0-1

[Event "XV Weekend"]
[Site "Cavarzere ITA"]
[Date "2012.10.27"]
[Round "4"]
[White "Guerra, Alessandro"]
[Black "Luciani, Valerio"]
[WhiteElo "2199"]
[BlackElo "2206"]
[Result "1/2-1/2"]
[PlyCount "78"]
[EventDate "2012.10.20"]

1. e4 c5 2. Nf3 d6 3. Nc3 Nf6 4. Bc4 e6 5. O-O Be7 6. e5 dxe5 7. Nxe5 Nbd7 8.
Nf3 O-O 9. d3 Nb6 10. Bb3 Nbd5 11. Ne2 b6 12. Re1 Bb7 13. Ne5 Qc7 14. Ng3 Rad8
15. Bg5 h6 16. Bd2 Bd6 17. Qe2 Bxe5 18. Qxe5 Qxe5 19. Rxe5 Bc6 20. h3 Rd7 21.
f4 Ne7 22. f5 exf5 23. Nxf5 Nxf5 24. Rxf5 Kh7 25. Re1 Nd5 26. c3 Nc7 27. Bf4 f6
28. Bh2 Re8 29. Rxe8 Nxe8 30. Rf1 Nc7 31. Re1 Kg6 32. g4 Bb5 33. d4 cxd4 34.
cxd4 Nd5 35. Re6 Kg5 36. Rd6 Nf4 37. h4+ Kxg4 38. Bd1+ Kf5 39. Bc2+ Kg4 1/2-1/2

[Event "XV Weekend"]
[Site "Cavarzere ITA"]
[Date "2012.10.27"]
[Round "4"]
[White "Martarello, Andrea"]
[Black "Rosina, Graziano"]
[WhiteElo "1467"]
[BlackElo "1801"]
[Result "0-1"]
[PlyCount "64"]
[EventDate "2012.10.20"]

1. e4 e5 2. Nf3 Nf6 3. Nxe5 d6 4. Nf3 Nxe4 5. Bd3 Nc5 6. Be2 Be7 7. O-O O-O 8.
Nc3 Bf5 9. d3 Nc6 10. Nd5 Re8 11. b4 Na4 12. c3 Nb6 13. Nxe7+ Qxe7 14. Be3 Nd5
15. Qd2 Nxe3 16. fxe3 Qxe3+ 17. Qxe3 Rxe3 18. Ne1 Bg6 19. Rf2 Rae8 20. Kf1 R3e7
21. d4 Re3 22. Rc1 a6 23. g3 f6 24. b5 axb5 25. Bxb5 Ra8 26. Ng2 Re7 27. Nf4
Bf7 28. Ra1 Ra3 29. Bxc6 bxc6 30. Re2 Bc4 31. Kf2 Bxe2 32. Nxe2 Re8 0-1

[Event "XV Weekend"]
[Site "Cavarzere ITA"]
[Date "2012.10.27"]
[Round "4"]
[White "Milazzo, Mario"]
[Black "Zanirato, Stefano"]
[WhiteElo "2075"]
[BlackElo "1914"]
[Result "1-0"]
[PlyCount "61"]
[EventDate "2012.10.20"]

1. c4 e6 2. Nf3 Nf6 3. g3 c5 4. Bg2 Nc6 5. O-O Be7 6. d4 Qb6 7. d5 Nd4 8. Nc3
d6 9. Nxd4 cxd4 10. Na4 Qa6 11. b3 e5 12. h3 Bd7 13. Nb2 b5 14. f4 Rb8 15. fxe5
dxe5 16. Nd3 e4 17. Ne5 bxc4 18. bxc4 Rc8 19. Kh2 Bc5 20. Bg5 Ba4 21. Qd2 O-O
22. Bxf6 e3 23. Qd3 gxf6 24. Ng4 Be7 25. Qf5 Bc2 26. Qxc2 Qxc4 27. Nh6+ Kh8 28.
Qxc4 Rxc4 29. Rac1 Rfc8 30. Rxc4 Rxc4 31. Be4 1-0

[Event "XV Weekend"]
[Site "Cavarzere ITA"]
[Date "2012.10.27"]
[Round "4"]
[White "Spano, Alfredo"]
[Black "Santagati, Marco"]
[WhiteElo "1851"]
[BlackElo "1599"]
[Result "1/2-1/2"]
[PlyCount "85"]
[EventDate "2012.10.20"]

1. d4 e6 2. c4 f5 3. g3 Nf6 4. Bg2 Be7 5. Nf3 d6 6. O-O O-O 7. Nc3 Qe8 8. b3 a5
9. Bb2 Qh5 10. e3 Na6 11. Ne1 Qg6 12. Nd3 Ne4 13. Nf4 Nxc3 14. Nxg6 Nxd1 15.
Nxe7+ Kf7 16. Raxd1 Kxe7 17. a3 Nb8 18. f4 Nd7 19. e4 fxe4 20. Bxe4 Nf6 21. Bg2
Kf7 22. Rde1 Rb8 23. Re2 Re8 24. Rfe1 Bd7 25. Bh3 c6 26. d5 exd5 27. Bxd7 Rxe2
28. Rxe2 Nxd7 29. cxd5 Nf6 30. Bxf6 gxf6 31. Re6 Rd8 32. f5 cxd5 33. Kf2 d4 34.
Ke2 Re8 35. Rxe8 Kxe8 36. Kd3 Kd7 37. Kxd4 Kc6 38. g4 h6 39. h3 b5 40. b4 axb4
41. axb4 d5 42. h4 Kd6 43. h5 1/2-1/2

[Event "XV Weekend"]
[Site "Cavarzere ITA"]
[Date "2012.10.28"]
[Round "5"]
[White "Aprile, Martino"]
[Black "Desideri, Alessandro"]
[WhiteElo "1920"]
[BlackElo "1800"]
[Result "0-1"]
[PlyCount "94"]
[EventDate "2012.10.20"]

1. e4 c5 2. Nc3 a6 3. f4 b5 4. a3 e6 5. Nf3 Bb7 6. d3 Nc6 7. Be2 Nge7 8. O-O d5
9. e5 h5 10. Ng5 g6 11. Nb1 Nf5 12. c3 Qb6 13. Kh1 Be7 14. Nf3 O-O-O 15. b4 d4
16. cxd4 cxb4 17. axb4 Nxb4 18. Bb2 Kb8 19. Qd2 Rd7 20. Na3 Nd5 21. Rfc1 Bb4
22. Qd1 Nxf4 23. Nc2 Be7 24. Qd2 g5 25. Ne3 Nxe2 26. Qxe2 g4 27. Nd2 Nxd4 28.
Bxd4 Qxd4 29. Nef1 Qxd3 30. Qf2 Bg5 31. Rd1 Qd4 32. Qe2 Rhd8 33. Rac1 Bh6 34.
Rb1 Be4 35. Nxe4 Qxd1 36. Rxd1 Rxd1 37. Nd6 Rc1 38. Qf2 Be3 39. Qxf7 Rd7 40.
Qf8+ Kc7 41. g3 Kb6 42. h3 Rdc7 43. Nc8+ Rxc8 44. Qd6+ R8c6 45. Qd8+ Kb7 46.
Qe7+ Rc7 47. Qf6 Rxf1+ 0-1

[Event "XV Weekend"]
[Site "Cavarzere ITA"]
[Date "2012.10.28"]
[Round "5"]
[White "Ballarin, Gabriele"]
[Black "Marchetti, Daniele"]
[WhiteElo "1877"]
[BlackElo "1712"]
[Result "1-0"]
[PlyCount "83"]
[EventDate "2012.10.20"]

1. e4 c5 2. g3 d6 3. Bg2 Nf6 4. Ne2 g6 5. Na3 a6 6. c3 Bg7 7. O-O O-O 8. f4 e6
9. d3 Qc7 10. h3 Nc6 11. g4 Ne7 12. Ng3 Rb8 13. h4 b5 14. Nc2 Bb7 15. Ne3 d5
16. e5 Nd7 17. Nc2 a5 18. d4 Nb6 19. f5 exf5 20. gxf5 f6 21. Bf4 fxe5 22. Bg5
Bf6 23. fxg6 Bxg5 24. gxh7+ Kxh7 25. hxg5 e4 26. Qh5+ Kg8 27. Ne2 Qd6 28. dxc5
Qxc5+ 29. Ncd4 Nd7 30. g6 Nf6 31. Rxf6 Rxf6 32. Qh7+ Kf8 33. Qh8+ Ng8 34. Ng3
Qb6 35. Nh5 Rxg6 36. Rf1+ Ke7 37. Qe5+ Kd7 38. Rf7+ Kc8 39. Rf8+ Kd7 40. Qxb8
Rxg2+ 41. Kxg2 Qg6+ 42. Ng3 1-0

[Event "XV Weekend"]
[Site "Cavarzere ITA"]
[Date "2012.10.28"]
[Round "5"]
[White "Basso, Pier Luigi"]
[Black "Guerra, Alessandro"]
[WhiteElo "2105"]
[BlackElo "2199"]
[Result "1/2-1/2"]
[PlyCount "207"]
[EventDate "2012.10.20"]

1. e4 c6 2. d4 d5 3. Nc3 dxe4 4. Nxe4 Nf6 5. Nxf6+ exf6 6. Nf3 Bd6 7. Bd3 O-O
8. Be3 Na6 9. c3 Nc7 10. Qc2 g6 11. c4 Bb4+ 12. Kf1 b5 13. cxb5 cxb5 14. Bf4
Bd6 15. Bxd6 Qxd6 16. Rc1 Ne6 17. Bxb5 Bb7 18. Be2 Rac8 19. Qd2 Rxc1+ 20. Qxc1
Rc8 21. Qd2 Bxf3 22. Bxf3 Nxd4 23. Bd1 Re8 24. f3 Qa6+ 25. Kf2 Qb6 26. Kg3 Nf5+
27. Kh3 Rd8 28. Qe2 h5 29. Bb3 Nd4 30. Qe3 Nxb3 31. Qxb6 axb6 32. axb3 Rd3 33.
Re1 Rxb3 34. Re2 Kf8 35. Kg3 Rb5 36. f4 Rb3+ 37. Kf2 Rd3 38. Re3 Rd2+ 39. Re2
Rd5 40. g3 Rc5 41. Kf3 f5 42. Kf2 b5 43. Ke1 Rc4 44. Kd2 Rc5 45. Kd3 h4 46.
gxh4 Rc4 47. Rf2 Ke7 48. b3 Rb4 49. Kc3 Re4 50. Rf3 b4+ 51. Kd3 Kd6 52. h5 gxh5
53. Rh3 Rxf4 54. Rxh5 Kd5 55. Ke3 Ke5 56. Rh7 Re4+ 57. Kf3 Rd4 58. Ke2 Rd7 59.
Rh8 Kd4 60. Rc8 Re7+ 61. Kd2 Re4 62. Rc7 f6 63. h4 Ke5 64. h5 Rd4+ 65. Ke3 Rh4
66. Rc5+ Ke6 67. Rb5 Rh3+ 68. Kf4 Rxh5 69. Rb6+ Kd5 70. Kg3 Rg5+ 71. Kf3 Kc5
72. Rxf6 Kd4 73. Rc6 Rg4 74. Ke2 Kd5 75. Rb6 Kc5 76. Rf6 Rg2+ 77. Ke3 Rg3+ 78.
Ke2 Rg5 79. Kf3 Kd4 80. Rc6 Rg4 81. Ke2 Re4+ 82. Kd2 Ke5 83. Rc1 Rh4 84. Rc5+
Kf4 85. Ke2 Rh2+ 86. Kd3 Rh3+ 87. Kc4 Rh4 88. Kxb4 Ke3+ 89. Rc4 f4 90. Ka5 Rh5+
91. Ka6 Rh6+ 92. Ka5 f3 93. b4 Rh1 94. Rc3+ Ke4 95. Rc2 Ra1+ 96. Kb6 Kd3 97.
Rb2 Ke3 98. b5 f2 99. Rxf2 Kxf2 100. Kc7 Rc1+ 101. Kd7 Rb1 102. Kc6 Ke3 103. b6
Kd4 104. b7 1/2-1/2

[Event "XV Weekend"]
[Site "Cavarzere ITA"]
[Date "2012.10.28"]
[Round "5"]
[White "Beltrame, Leonardo"]
[Black "Bau', Lorenzo"]
[WhiteElo "1575"]
[BlackElo "1467"]
[Result "1-0"]
[PlyCount "77"]
[EventDate "2012.10.20"]

1. e4 c5 2. Nf3 a6 3. d4 cxd4 4. Nxd4 g6 5. Nc3 Bg7 6. Be3 d6 7. Be2 e5 8. Nb3
Be6 9. Qd2 Bxb3 10. axb3 Nf6 11. Rd1 O-O 12. Qxd6 Nc6 13. Qxd8 Nxd8 14. O-O Rc8
15. Rd2 Nc6 16. Rfd1 Ne8 17. Bc5 Bh6 18. Rd3 Nd4 19. Bxf8 Nxe2+ 20. Nxe2 Bxf8
21. Rc3 Rb8 22. Rcd3 Be7 23. Nc3 Rc8 24. Rd7 Bg5 25. Rxb7 Nf6 26. Ra7 Rc6 27.
g3 Kg7 28. h4 Bh6 29. Rd8 g5 30. Rda8 gxh4 31. Rxa6 Rc5 32. gxh4 Bd2 33. Ra5
Nxe4 34. Rxc5 Nxc5 35. Ra5 Nd7 36. Rd5 Bxc3 37. bxc3 Nf6 38. Rxe5 h6 39. b4 1-0

[Event "XV Weekend"]
[Site "Cavarzere ITA"]
[Date "2012.10.28"]
[Round "5"]
[White "Cartegni, Aldo"]
[Black "Desideri, Pietro"]
[WhiteElo "1448"]
[BlackElo "1688"]
[Result "0-1"]
[PlyCount "68"]
[EventDate "2012.10.20"]

1. d4 f5 2. e3 e6 3. Bd3 Nf6 4. Nf3 b6 5. O-O Bb7 6. b3 d5 7. Bb2 Bd6 8. Nbd2
O-O 9. Ne5 c5 10. c4 Ne4 11. f4 Nc6 12. Rf3 Nb4 13. Be2 Kh8 14. a3 dxc4 15.
Nxe4 Bxe4 16. Rh3 Bxe5 17. axb4 Bf6 18. Bxc4 Qd7 19. Qh5 g6 20. Qxg6 Bxg2 21.
Bxe6 Bxh3 22. Bxd7 hxg6 23. bxc5 bxc5 24. Ba3 Rf7 25. Bc6 Rc8 26. Bd5 Rfc7 27.
Rc1 cxd4 28. Rxc7 Rxc7 29. Bb2 Rc2 30. Bxd4 Bxd4 31. exd4 a5 32. Bf3 Kg7 33. d5
Rd2 34. Kh1 Rf2 0-1

[Event "XV Weekend"]
[Site "Cavarzere ITA"]
[Date "2012.10.28"]
[Round "5"]
[White "Del Monaco, Andrea"]
[Black "Cacco, Christian"]
[WhiteElo "2275"]
[BlackElo "2302"]
[Result "0-1"]
[PlyCount "108"]
[EventDate "2012.10.20"]

1. Nf3 g6 2. c4 Bg7 3. Nc3 Nf6 4. e4 d6 5. d4 O-O 6. Be2 c6 7. O-O Nbd7 8. Be3
e5 9. d5 Ne8 10. dxc6 bxc6 11. c5 Qe7 12. cxd6 Nxd6 13. Qa4 Bb7 14. Rfd1 Nc8
15. Bg5 Nf6 16. Qa5 Re8 17. Rd2 Nb6 18. Rad1 h6 19. Be3 Nfd7 20. Rxd7 Nxd7 21.
Nd2 Bf8 22. Nc4 Kh7 23. Nd6 Qxd6 24. Rxd6 Bxd6 25. Na4 Nf6 26. Bc5 Nxe4 27.
Bxd6 Nxd6 28. Qc7 Rad8 29. Nc5 Bc8 30. Qxa7 Kg7 31. h3 Nf5 32. Qc7 e4 33. Bc4
Rd1+ 34. Kh2 Nd6 35. Bb3 Rd2 36. Qa5 Rxf2 37. Qc3+ Rf6 38. Bc4 Nb5 39. Bxb5
cxb5 40. Qe3 Bf5 41. b4 g5 42. Kg3 Rd6 43. Kh2 Bg6 44. h4 Rd5 45. h5 Bf5 46. g4
Bxg4 47. Nxe4 Bxh5 48. Qc3+ Ree5 49. Nf2 Kh7 50. Qc2+ Bg6 51. Qb2 h5 52. Kg2 g4
53. Qc3 Re2 54. Kg3 Rdd2 0-1

[Event "XV Weekend"]
[Site "Cavarzere ITA"]
[Date "2012.10.28"]
[Round "5"]
[White "Gallo, Enrico"]
[Black "Lodici, Lorenzo"]
[WhiteElo "2099"]
[BlackElo "1870"]
[Result "0-1"]
[PlyCount "46"]
[EventDate "2012.10.20"]

1. e4 c5 2. Nf3 Nc6 3. d4 cxd4 4. Nxd4 e5 5. Nb5 a6 6. N5c3 Bc5 7. Bd3 Nge7 8.
O-O O-O 9. a3 f5 10. exf5 d5 11. f6 gxf6 12. Bh6 Rf7 13. Na4 Ba7 14. c4 e4 15.
Bc2 f5 16. cxd5 Nd4 17. Nac3 Nxd5 18. Nxd5 Qxd5 19. Nc3 Qe5 20. Bb3 Be6 21.
Bxe6 Qxe6 22. Qh5 Qg6 23. Qh4 Nf3+ 0-1

[Event "XV Weekend"]
[Site "Cavarzere ITA"]
[Date "2012.10.28"]
[Round "5"]
[White "Giuriato, Sergio"]
[Black "Belloni, Umberto"]
[WhiteElo "1981"]
[BlackElo "1802"]
[Result "1-0"]
[PlyCount "101"]
[EventDate "2012.10.20"]

1. d4 d5 2. c4 c6 3. Nf3 e6 4. e3 Nd7 5. b3 Bd6 6. Bb2 f5 7. Nbd2 Qe7 8. Be2
Nh6 9. Ne5 Nxe5 10. dxe5 Ba3 11. Bc3 O-O 12. O-O g5 13. h3 Rf7 14. f4 Rg7 15.
Nf3 g4 16. Ng5 Rxg5 17. fxg5 Qxg5 18. Rf4 Bc5 19. Bd4 Bxd4 20. Qxd4 gxh3 21.
Rf2 Kh8 22. Qf4 Qg7 23. Kh2 Bd7 24. gxh3 Rg8 25. Bf3 Nf7 26. Rg2 Qxe5 27. Rag1
Rxg2+ 28. Rxg2 Qd6 29. Bh5 Qxf4+ 30. exf4 Nd6 31. Kg1 Be8 32. Bxe8 Nxe8 33.
cxd5 cxd5 34. Kf2 Ng7 35. Ke3 Kg8 36. Rc2 Ne8 37. Kd4 Kf7 38. Ke5 Ke7 39. Rc8
Kd7 40. Rb8 a6 41. Rxb7+ Nc7 42. Rb8 Kc6 43. Kd4 Nb5+ 44. Kd3 h5 45. Rh8 h4 46.
Rxh4 Kc5 47. Rh6 Nc7 48. Rh7 Kd6 49. h4 Ne8 50. Ra7 Nf6 51. Rxa6+ 1-0